Sports Quiz

Random Sports or Baseball Quiz

Top 50 MLB Free Agents Quiz Stats

 Plays Quiz not verified by Sporcle

Score 0/50 Timer 12:00
0 Plays Today
2010 team Player % Correct
RangersCliff Lee
91.6%
BravesDerrek Lee
91%
RaysCarl Crawford
89.1%
YankeesDerek Jeter
88.2%
PhilliesJayson Werth
86.8%
NationalsAdam Dunn
83.8%
YankeesMariano Rivera
73.1%
Red SoxAdrian Beltre
71.1%
White SoxPaul Konerko
59.7%
RaysCarlos Pena
57.4%
Red SoxVictor Martinez
52.7%
White SoxManny Ramirez
51%
YankeesAndy Pettitte
45.9%
Red SoxDavid Ortiz
45.4%
RaysRafael Soriano
45.1%
RangersVladimir Guerrero
38.4%
GiantsAubrey Huff
35.9%
TwinsJim Thome
33.9%
TwinsCarl Pavano
32.2%
PadresChris Young
30.5%
YankeesLance Berkman
29.4%
TigersMagglio Ordonez
29.4%
YankeesJavier Vazquez
25.5%
TwinsOrlando Hudson
25.2%
GiantsJuan Uribe
23%
2010 team Player % Correct
YankeesKerry Wood
23%
TigersJohnny Damon
23%
RockiesJorge De La Rosa
19.9%
Blue JaysJohn Buck
17.9%
DodgersHiroki Kuroda
17.4%
RaysBrad Hawpe
16%
PadresJon Garland
16%
Blue JaysKevin Gregg
15.1%
DiamondbacksAdam Laroche
15.1%
TwinsBrian Fuentes
14.8%
TwinsJon Rauch
14.3%
RaysJoaquin Benoit
14.3%
CardinalsJake Westbrook
13.7%
White SoxA.J. Pierzynski
12.6%
Blue JaysScott Downs
12.3%
CardinalsBrad Penny
11.2%
RockiesJeff Francis
10.6%
RaysGrant Balfour
10.4%
DodgersVicente Padilla
10.1%
RedsAaron Harang
9.8%
AthleticsCoco Crisp
8.4%
White SoxJ.J. Putz
7%
AthleticsMark Ellis
6.2%
MetsPedro Feliciano
4.8%
RangersFrank Francisco
3.6%

You're not logged in!

Compare scores with friends on all Sporcle quizzes.
OR
Log In

Show Comments

Extras

Top Quizzes Today


Score Distribution

Your Account Isn't Verified!

In order to create a playlist on Sporcle, you need to verify the email address you used during registration. Go to your Sporcle Settings to finish the process.

Report this User

Report this user for behavior that violates our Community Guidelines.

Details: